000 00353nam a2200133 i 4500
001 bg
100 1 _aOlszowski, Bogdan.
245 0 _aAnaliza ciągów drgań własnych w płaskich układach prętowych /
_cBogdan Olszowski.
260 _aKraków,
_c1980.
040 _cBPK
041 _apol
942 _cKS
008 s pl f |000 0 pol
999 _c19432
_d19432
856 _uhttp://koha.tu.koszalin.pl/cgi-bin/koha/opac-detail.pl?biblionumber=19432
_yKatalog online BPK